Možnosti rozvoja a podpory fariem na Slovensku
Súčasný stav rozvoja fariem na Slovensku. Podpora pre malých farmárov. Hospodársky prínos rodinných fariem. Spoločenský prínos rodinných fariem. Domáce ekologické poľnohospodárstvo. Čo robiť pre zviditeľnenie a podporu domáceho eko poľnohospodárstva. Marketingové možnosti štátu.
Salvato in:
| Autore principale: | |
|---|---|
| Natura: | Capitolo di libro |
| Lingua: | slovacco |
| Soggetti: | |
| Tags: |
Nessun Tag, puoi essere il primo ad aggiungerne!!
|
MARC
| LEADER | 00000nla a2200000 4500 | ||
|---|---|---|---|
| 001 | 0205336 | ||
| 005 | 20240502083515.4 | ||
| 041 | 0 | |a slo | |
| 044 | |a CZ | ||
| 245 | 1 | 0 | |a Možnosti rozvoja a podpory fariem na Slovensku |c Ingrid Potisková |
| 520 | |a Súčasný stav rozvoja fariem na Slovensku. Podpora pre malých farmárov. Hospodársky prínos rodinných fariem. Spoločenský prínos rodinných fariem. Domáce ekologické poľnohospodárstvo. Čo robiť pre zviditeľnenie a podporu domáceho eko poľnohospodárstva. Marketingové možnosti štátu. | ||
| 610 | 2 | 0 | |a farmy |
| 610 | 2 | 0 | |a farmy rodinné |
| 610 | 2 | 0 | |a poľnohospodárstvo ekologické |
| 610 | 2 | 0 | |a podpora štátna |
| 610 | 2 | 0 | |a marketing |
| 610 | 2 | 0 | |a predaj z dvora |
| 610 | 2 | 0 | |a Slovensko |
| 100 | 1 | |a Potisková, Ingrid | |